| 000 | 00000nam 2200000zi 4500 |
| 001 | 9.936378 |
| 003 | CaOODSP |
| 005 | 20240412101026 |
| 006 | m o d f |
| 007 | cr mn||||||||| |
| 008 | 240405e202108##quc o f000 0 fre d |
| 040 | |aCaOODSP|bfre|erda|cCaOODSP |
| 043 | |an-cn--- |
| 086 | 1 |aEn4-595/2001F-PDF |
| 245 | 00|aCompendium des termes et concepts informatiques (matériel; logiciel; télécommunications; Internet, commerce électronique et gestion de l’informatique). |
| 264 | 1|aHull (Québec) : |b[Environnement Canada], |caoût, 2001. |
| 300 | |a1 ressource en ligne (90 pages) |
| 336 | |atexte|btxt|2rdacontent/fre |
| 337 | |ainformatique|bc|2rdamedia/fre |
| 338 | |aressource en ligne|bcr|2rdacarrier/fre |
| 500 | |aPublié aussi en anglais sous le titre : A compendium of hardware, software, telecommunications, Internet, electronic commerce, information and information technology management terms and concepts. |
| 500 | |aÉdition numérisée de l’imprimé [par Environnement et changement climatique Canada]. |
| 520 | |a« Ce compendium constitue un outil de travail qui, nous l’espèrons, aidera les fonctionnaires à mieux comprendre la terminologie utilisée dans les domaines décrits précédemment. Les auteurs souhaitaient offrir au moins une des nombreuses définitions possibles pour chacun des termes choisis. Nous nous attendons à ce que, au fil du temps, ce produit soit amélioré et qu'il évolue » -- Avant-propos, page 4. |
| 650 | 6|aSystèmes de télécommunications gouvernementales|zCanada. |
| 650 | 6|aTechnologies de l'information et de la communication|xPolitique gouvernementale|zCanada. |
| 650 | 6|aTransmission numérique|xPolitique gouvernementale|zCanada. |
| 710 | 1 |aCanada. |bEnvironnement Canada, |eorganisme de publication. |
| 775 | 08|tA compendium of hardware, software, telecommunications, internet, electronic commerce, information and information technology management terms and concepts.|w(CaOODSP)9.925796 |
| 856 | 40|qPDF|s613 Ko|uhttps://publications.gc.ca/collections/collection_2024/eccc/en4/En4-595-2001-fra.pdf |